| 000 | 00369nam a2200157Ia 4500 | ||
|---|---|---|---|
| 003 | OSt | ||
| 005 | 20240224142554.0 | ||
| 008 | 170524s9999 xx 000 0 und d | ||
| 020 | _a978-8126511143 | ||
| 040 | _cIIMT UNIVERSITY MEERUT | ||
| 100 | _aCotton- F Albert | ||
| 245 | 0 | _aBasic Inorganic Chemistry | |
| 260 | _bWiley India | ||
| 260 | _c2007 | ||
| 942 |
_2ddc _c02 |
||
| 999 |
_c5252 _d5252 |
||